| 000 | 00711nam a2200193 i 4500 | ||
|---|---|---|---|
| 001 | 142213 | ||
| 003 | ES-MaACL | ||
| 005 | 20230906200454.0 | ||
| 007 | t| | ||
| 008 | 071003s1933 sp |||| | spa d | ||
| 100 | 1 |
_aVillanueva de Alcedo, Luis. _9115035 |
|
| 245 | 1 | 0 |
_aDesequilibrio económico mundial _b: conferencia / _cpronunciada por Luis Villanueva de Alcedo en el Centro Cultural del Ejército y de la Armada. |
| 260 |
_aMadrid : _b[s.n.], _c1933 ( _fImp. Huérfanos de la Guardia Civil) |
||
| 300 |
_a17 p. ; _c20 cm. |
||
| 650 | 4 |
_aEquilibrio económico. _9167583 |
|
| 710 | 2 |
_aCentro del Ejército y de la Armada (Madrid) _9137469 |
|
| 852 |
_aES-MaACL _j1783-F-4 |
||
| 852 |
_aES-MaACL _j1781-F-14 |
||
| 999 |
_c142213 _d142213 |
||